<?xml version="1.0" encoding="UTF-8"?>
<record
    xmlns:xsi="http://www.w3.org/2001/XMLSchema-instance"
    xsi:schemaLocation="http://www.loc.gov/MARC21/slim http://www.loc.gov/standards/marcxml/schema/MARC21slim.xsd"
    xmlns="http://www.loc.gov/MARC21/slim">

  <leader>00592nam a22001337a 4500</leader>
  <datafield tag="040" ind1=" " ind2=" ">
    <subfield code="c">RUA</subfield>
  </datafield>
  <datafield tag="082" ind1=" " ind2=" ">
    <subfield code="a">AGR CHI 2016 B556 Or.1</subfield>
  </datafield>
  <datafield tag="100" ind1=" " ind2=" ">
    <subfield code="a">CHIM CHANNEATH; &#x1787;&#x17B9;&#x1798; &#x1785;&#x17B6;&#x1793;&#x17CB;&#x1793;&#x17B6;&#x1790;</subfield>
  </datafield>
  <datafield tag="245" ind1=" " ind2=" ">
    <subfield code="a">Comparison pf pak choy varieties in prateh lang soil condition; &#x1780;&#x17B6;&#x179A;&#x1794;&#x17D2;&#x179A;&#x17C0;&#x1794;&#x1792;&#x17C0;&#x1794;&#x1796;&#x17BC;&#x1787;&#x179F;&#x17D2;&#x1796;&#x17C3;&#x1787;&#x17BE;&#x1784;&#x1791;&#x17B6; &#x1780;&#x17D2;&#x1793;&#x17BB;&#x1784;&#x179B;&#x1780;&#x17D2;&#x1781;&#x1781;&#x178E;&#x17D2;&#x178C;&#x178A;&#x17B8;&#x1794;&#x17D2;&#x179A;&#x1791;&#x17C7;&#x17A1;&#x17B6;&#x1784;</subfield>
  </datafield>
  <datafield tag="260" ind1=" " ind2=" ">
    <subfield code="a">Phnom Penh</subfield>
    <subfield code="b">RUA</subfield>
    <subfield code="c">2016</subfield>
  </datafield>
  <datafield tag="300" ind1=" " ind2=" ">
    <subfield code="a">x; 31p;</subfield>
    <subfield code="b">ill;</subfield>
    <subfield code="c">29cm;</subfield>
  </datafield>
  <datafield tag="856" ind1=" " ind2=" ">
    <subfield code="u">https://drive.google.com/file/d/1hBYUj2oegD69yILIVjJosJWelqH9Y_yh/view?usp=sharing</subfield>
  </datafield>
  <datafield tag="942" ind1=" " ind2=" ">
    <subfield code="c">AGR</subfield>
  </datafield>
  <datafield tag="999" ind1=" " ind2=" ">
    <subfield code="c">11545</subfield>
    <subfield code="d">11545</subfield>
  </datafield>
  <datafield tag="952" ind1=" " ind2=" ">
    <subfield code="0">0</subfield>
    <subfield code="1">0</subfield>
    <subfield code="2">ddc</subfield>
    <subfield code="4">0</subfield>
    <subfield code="6">AGR_CHI_2016_000000000000000_B556_OR_1</subfield>
    <subfield code="7">0</subfield>
    <subfield code="9">59512</subfield>
    <subfield code="a">LBB</subfield>
    <subfield code="b">LBB</subfield>
    <subfield code="c">B556</subfield>
    <subfield code="d">2017-08-03</subfield>
    <subfield code="l">3</subfield>
    <subfield code="o">AGR CHI 2016 B556 Or.1</subfield>
    <subfield code="p">A12748</subfield>
    <subfield code="r">2023-09-29</subfield>
    <subfield code="s">2023-09-22</subfield>
    <subfield code="w">2017-08-03</subfield>
    <subfield code="y">AGR</subfield>
  </datafield>
  <datafield tag="952" ind1=" " ind2=" ">
    <subfield code="0">0</subfield>
    <subfield code="1">0</subfield>
    <subfield code="2">ddc</subfield>
    <subfield code="4">0</subfield>
    <subfield code="6">AGR_CHI_2016_000000000000000_B556_OR_2</subfield>
    <subfield code="7">0</subfield>
    <subfield code="9">59513</subfield>
    <subfield code="a">LBB</subfield>
    <subfield code="b">LBB</subfield>
    <subfield code="c">B556</subfield>
    <subfield code="d">2017-08-03</subfield>
    <subfield code="l">3</subfield>
    <subfield code="o">AGR CHI 2016 B556 Or.2</subfield>
    <subfield code="p">A12728</subfield>
    <subfield code="r">2023-01-10</subfield>
    <subfield code="s">2022-12-19</subfield>
    <subfield code="w">2017-08-03</subfield>
    <subfield code="y">AGR</subfield>
  </datafield>
  <datafield tag="952" ind1=" " ind2=" ">
    <subfield code="0">0</subfield>
    <subfield code="1">0</subfield>
    <subfield code="2">ddc</subfield>
    <subfield code="4">0</subfield>
    <subfield code="6">AGR_CHI_2016_000000000000000_B556_OR_3</subfield>
    <subfield code="7">0</subfield>
    <subfield code="9">59514</subfield>
    <subfield code="a">LBB</subfield>
    <subfield code="b">LBB</subfield>
    <subfield code="c">B556</subfield>
    <subfield code="d">2017-08-03</subfield>
    <subfield code="o">AGR CHI 2016 B556 Or.3</subfield>
    <subfield code="p">A12345</subfield>
    <subfield code="r">2017-08-03</subfield>
    <subfield code="w">2017-08-03</subfield>
    <subfield code="y">AGR</subfield>
  </datafield>
  <datafield tag="952" ind1=" " ind2=" ">
    <subfield code="0">0</subfield>
    <subfield code="1">0</subfield>
    <subfield code="2">ddc</subfield>
    <subfield code="4">0</subfield>
    <subfield code="6">AGR_CHI_2016_000000000000000_B556_OR_4</subfield>
    <subfield code="7">0</subfield>
    <subfield code="9">59515</subfield>
    <subfield code="a">LBB</subfield>
    <subfield code="b">LBB</subfield>
    <subfield code="c">B556</subfield>
    <subfield code="d">2017-08-03</subfield>
    <subfield code="o">AGR CHI 2016 B556 Or.4</subfield>
    <subfield code="p">A12798</subfield>
    <subfield code="r">2017-08-03</subfield>
    <subfield code="w">2017-08-03</subfield>
    <subfield code="y">AGR</subfield>
  </datafield>
  <datafield tag="952" ind1=" " ind2=" ">
    <subfield code="0">0</subfield>
    <subfield code="1">0</subfield>
    <subfield code="2">ddc</subfield>
    <subfield code="4">0</subfield>
    <subfield code="6">AGR_CHI_2016_000000000000000_B556_OR_5</subfield>
    <subfield code="7">0</subfield>
    <subfield code="9">59516</subfield>
    <subfield code="a">LBB</subfield>
    <subfield code="b">LBB</subfield>
    <subfield code="c">B556</subfield>
    <subfield code="d">2017-08-03</subfield>
    <subfield code="o">AGR CHI 2016 B556 Or.5</subfield>
    <subfield code="p">A12693</subfield>
    <subfield code="r">2017-08-03</subfield>
    <subfield code="w">2017-08-03</subfield>
    <subfield code="y">AGR</subfield>
  </datafield>
  <datafield tag="952" ind1=" " ind2=" ">
    <subfield code="0">0</subfield>
    <subfield code="1">0</subfield>
    <subfield code="2">ddc</subfield>
    <subfield code="4">0</subfield>
    <subfield code="6">AGR_CHI_2016_000000000000000_B556_OR_6</subfield>
    <subfield code="7">0</subfield>
    <subfield code="9">59517</subfield>
    <subfield code="a">LBB</subfield>
    <subfield code="b">LBB</subfield>
    <subfield code="c">B556</subfield>
    <subfield code="d">2017-08-03</subfield>
    <subfield code="l">1</subfield>
    <subfield code="o">AGR CHI 2016 B556 Or.6</subfield>
    <subfield code="p">A11922</subfield>
    <subfield code="r">2018-07-03</subfield>
    <subfield code="s">2018-06-25</subfield>
    <subfield code="w">2017-08-03</subfield>
    <subfield code="y">AGR</subfield>
  </datafield>
  <datafield tag="952" ind1=" " ind2=" ">
    <subfield code="0">0</subfield>
    <subfield code="1">0</subfield>
    <subfield code="2">ddc</subfield>
    <subfield code="4">0</subfield>
    <subfield code="6">AGR_CHI_2016_000000000000000_B556_OR_7</subfield>
    <subfield code="7">0</subfield>
    <subfield code="9">59518</subfield>
    <subfield code="a">LBB</subfield>
    <subfield code="b">LBB</subfield>
    <subfield code="c">B556</subfield>
    <subfield code="d">2017-08-03</subfield>
    <subfield code="l">1</subfield>
    <subfield code="o">AGR CHI 2016 B556 Or.7</subfield>
    <subfield code="p">A12476</subfield>
    <subfield code="r">2023-07-17</subfield>
    <subfield code="s">2023-03-27</subfield>
    <subfield code="w">2017-08-03</subfield>
    <subfield code="y">AGR</subfield>
  </datafield>
  <datafield tag="952" ind1=" " ind2=" ">
    <subfield code="0">0</subfield>
    <subfield code="1">0</subfield>
    <subfield code="2">ddc</subfield>
    <subfield code="4">0</subfield>
    <subfield code="6">AGR_CHI_2016_000000000000000_B556_OR_8</subfield>
    <subfield code="7">0</subfield>
    <subfield code="9">59519</subfield>
    <subfield code="a">LBB</subfield>
    <subfield code="b">LBB</subfield>
    <subfield code="c">B556</subfield>
    <subfield code="d">2017-08-03</subfield>
    <subfield code="o">AGR CHI 2016 B556 Or.8</subfield>
    <subfield code="p">A12542</subfield>
    <subfield code="r">2017-08-03</subfield>
    <subfield code="w">2017-08-03</subfield>
    <subfield code="y">AGR</subfield>
  </datafield>
</record>
